000 00574nam a2200229Ia 4500
003 OSt
005 20230330111816.0
008 210423s2008 xx 000 0 und d
040 _cAL
041 _aeng
082 _a337
_223
_bCHEF
100 _aCHERUNILAM (Francis)
_980085
245 _aInternational economics
250 _a5
260 _aNew Delhi
_bTata McGraw-hill
_c2008
300 _axxxii,733
365 _b325
_cINR
650 _aEconomics
_980086
650 _aInternational Economics
_980087
906 _aeconomics ; International
942 _2ddc
_cBK
999 _c156557
_d156557